[Event "Bastia op"]
[White "Maurizzi, Marc Andria"]
[Black "Morison, Julien"]
[Site "Bastia"]
[Round "1"]
[Result "1-0"]
[Date "2022.07.10"]
[WhiteElo "2506"]
[BlackElo "1880"]
[PlyCount "51"]
[EventDate "2022.07.10"]
[EventType "swiss"]
[EventRounds "7"]
[EventCountry "FRA"]
[SourceTitle "CBM 209 Extra"]
[Source "ChessBase"]
[SourceDate "2022.09.30"]
[SourceVersion "1"]
[SourceVersionDate "2022.09.30"]
[SourceQuality "1"]

1. c4 Nf6 2. Nc3 d5 3. cxd5 Nxd5 4. Nf3 g6 5. e4 Nxc3 6. bxc3 Bg7 7. d4 c5 8. Bb5+ Bd7 9. Be2 Nc6 10. 0-0 0-0 11. Be3 cxd4 12. cxd4 f5 13. d5 Ne5 14. Rb1 fxe4 15. Nxe5 Bxe5 16. Rxb7 Bc8 17. Rb1 Qd6 18. h3 Bf4 19. Bxf4 Qxf4 20. Qd4 Qg5 21. Rb3 Bf5 22. d6 Qf6 23. Qxf6 Rxf6 24. dxe7 Be6 25. Rb7 Bf7 26. Rd1 1-0

[Event "FIDE World Uni Rapid-D 1st"]
[White "Habibul, Bashar Zihad"]
[Black "Morison, Julien"]
[Site "Tornelo INT"]
[Round "6"]
[Result "0-1"]
[Date "2021.03.20"]
[WhiteElo "1447"]
[BlackElo "1828"]
[PlyCount "38"]
[EventDate "2021.03.20"]
[EventType "swiss (rapid)"]
[EventRounds "12"]
[EventCountry "NET"]
[SourceTitle "EXT 2022"]
[Source "ChessBase"]
[SourceDate "2021.10.06"]
[SourceVersion "1"]
[SourceVersionDate "2021.10.06"]
[SourceQuality "1"]

1. e4 e5 2. Nf3 Nc6 3. Bc4 Bc5 4. 0-0 Nf6 5. Nc3 d6 6. Be2 Be6 7. a4 Qd7 8. d3 Bg4 9. Nd2 Bxe2 10. Qxe2 Nd4 11. Qd1 h5 12. Nf3 h4 13. h3 0-0-0 14. Nxd4 Bxd4 15. Nb5 g5 16. Bxg5 Rdg8 17. Bxf6 Qxh3 18. Nxd6+ cxd6 19. Qf3 Qxf3 0-1

[Event "FIDE World Uni Blitz-D 1st"]
[White "Morison, Julien"]
[Black "Isha, Sharma"]
[Site "Tornelo INT"]
[Round "4.15"]
[Result "1-0"]
[Date "2021.03.13"]
[WhiteElo "1828"]
[BlackElo "2256"]
[PlyCount "115"]
[EventDate "2021.03.13"]
[EventType "swiss (blitz)"]
[EventRounds "10"]
[EventCountry "NET"]
[SourceTitle "EXT 2022"]
[Source "ChessBase"]
[SourceDate "2021.10.06"]
[SourceVersion "1"]
[SourceVersionDate "2021.10.06"]
[SourceQuality "1"]

1. e4 e5 2. Nf3 Bc5 3. Bc4 Nf6 4. d3 0-0 5. Nc3 d6 6. Bg5 h6 7. Bh4 Be6 8. Nd5 Nbd7 9. Qd2 c6 10. Ne3 b5 11. Bb3 a5 12. a3 Bxb3 13. cxb3 Qb6 14. Nf5 Rfe8 15. 0-0 d5 16. Rfe1 Rad8 17. Rac1 dxe4 18. dxe4 Re6 19. b4 axb4 20. axb4 Bf8 21. Red1 Kh7 22. Bxf6 Rxf6 23. Nxe5 g6 24. Nxd7 Rxd7 25. Qxd7 gxf5 26. e5 Rg6 27. Qxf7+ Bg7 28. Rd7 c5 29. bxc5 Qc6 30. g3 Qe4 31. Rd6 Rg5 32. Qd5 Qe2 33. e6 Rg6 34. c6 Qxb2 35. Rd1 f4 36. Qd3 fxg3 37. hxg3 Qf6 38. c7 Qf8 39. Rd8 Qc5 40. c8Q Qe5 41. Rh8+ Bxh8 42. e7 Qxe7 43. Qxg6+ Kxg6 44. Qc2+ Kg7 45. Rc1 Qe6 46. Qc7+ Kg8 47. Rc6 Qe1+ 48. Kg2 Qe4+ 49. Kh2 Bg7 50. Qd8+ Kh7 51. Rc7 Qd4 52. Qxd4 Kg6 53. Qxg7+ Kf5 54. Rc5+ Ke4 55. Qe5+ Kd3 56. Rc3+ Kd2 57. Qe3+ Kd1 58. Rc1# 1-0

[Event "EU School-chT 05th"]
[White "Morison, Julien"]
[Black "Alvarez Albiol, Victor"]
[Site "Bastia"]
[Round "4.4"]
[Result "1-0"]
[Date "2016.06.09"]
[WhiteElo "1919"]
[BlackElo "2029"]
[PlyCount "155"]
[EventDate "2016.06.10"]
[EventType "team-tourn"]
[EventRounds "3"]
[EventCountry "FRA"]
[SourceTitle "EXT 2024"]
[Source "ChessBase"]
[SourceDate "2023.10.10"]
[SourceVersion "1"]
[SourceVersionDate "2023.10.10"]
[SourceQuality "1"]

1. e4 c5 2. Nf3 Nc6 3. Bb5 d6 4. d4 cxd4 5. Qxd4 Bd7 6. Bxc6 Bxc6 7. Nc3 Nf6 8. Bg5 Nd7 9. 0-0-0 Qc7 10. Rhe1 h6 11. Bh4 b6 12. Nd5 Bxd5 13. exd5 Rg8 14. Qe4 g5 15. Bg3 0-0-0 16. Nd4 Nb8 17. Nb5 Qd7 18. Qa4 a6 19. Qc4+ Kb7 20. Nd4 Bg7 21. Nc6 Rde8 22. Nxb8 Rxb8 23. Qc6+ Qxc6 24. dxc6+ Kxc6 25. Rxe7 Be5 26. Bxe5 dxe5 27. Rxe5 Rge8 28. Rf5 Rb7 29. Rf6+ Re6 30. Rf5 Rbe7 31. Rd3 Kb7 32. Rdf3 Rd7 33. b3 Ree7 34. Rf6 h5 35. R3f5 Re1+ 36. Kb2 Rh1 37. Rxf7 Rxf7 38. Rxf7+ Kc6 39. Rf6+ Kc5 40. Rf5+ Kd6 41. h3 Rf1 42. f3 Rf2 43. Rxg5 h4 44. Rg6+ Kc5 45. Rg5+ Kc6 46. Rg6+ Kc5 47. Rg4 a5 48. Kc3 b5 49. Kd3 Kd5 50. a3 Kc5 51. c3 Kd5 52. Rg5+ Kc6 53. Rg6+ Kc5 54. b4+ axb4 55. axb4+ Kd5 56. Rg5+ Kc6 57. Rg4 Kd5 58. Rxh4 Rxg2 59. Rh5+ Kc6 60. Kd4 Rd2+ 61. Ke3 Rc2 62. Kd3 Rf2 63. Rf5 Rh2 64. Kd4 Rxh3 65. Rf6+ Kc7 66. f4 Rh5 67. f5 Kd7 68. Kc5 Ke7 69. Re6+ Kd7 70. Re5 Kc7 71. Kxb5 Kd6 72. Rc5 Kd7 73. f6 Rh6 74. Rc6 Rh5+ 75. Kb6 Rf5 76. f7 Ke7 77. Rc7+ Kf8 78. c4 1-0

[Event "FRA-ch U14"]
[White "Gatineau, Yovann"]
[Black "Morison, Julien"]
[Site "Gonfreville"]
[Round "3.6"]
[Result "1-0"]
[Date "2016.04.11"]
[WhiteElo "2279"]
[BlackElo "1892"]
[PlyCount "65"]
[EventDate "2016.04.22"]
[EventType "swiss"]
[EventRounds "9"]
[EventCountry "FRA"]
[SourceTitle "EXT 2019"]
[Source "ChessBase"]
[SourceDate "2018.10.10"]
[SourceVersion "1"]
[SourceVersionDate "2018.10.10"]
[SourceQuality "1"]

1. d4 Nf6 2. c4 g6 3. Nc3 d5 4. cxd5 Nxd5 5. e4 Nxc3 6. bxc3 Bg7 7. Nf3 c5 8. Be3 Nc6 9. Qd2 Qa5 10. Rb1 cxd4 11. cxd4 Qxd2+ 12. Kxd2 0-0 13. d5 Rd8 14. Bd3 Ne5 15. Nxe5 Bxe5 16. f4 Bg7 17. Rhc1 e6 18. dxe6 fxe6 19. Ke2 e5 20. Bc4+ Kh8 21. Bd5 Bg4+ 22. Kf2 exf4 23. Bxf4 Rf8 24. Kg3 Bc8 25. Rc7 h5 26. h4 g5 27. hxg5 h4+ 28. Kf3 Be5 29. Rf7 Rxf7 30. Bxf7 Bxf4 31. Kxf4 Kg7 32. Bd5 Rb8 33. Rc1 1-0

[Event "Bastia CC Summer op 9th"]
[White "Morison, Julien"]
[Black "Battesti, Marc Andria"]
[Site "Bastia"]
[Round "5"]
[Result "0-1"]
[Date "2011.06.29"]
[WhiteElo "1511"]
[BlackElo "1988"]
[PlyCount "76"]
[EventDate "2011.06.23"]
[EventType "swiss"]
[EventRounds "7"]
[EventCountry "FRA"]
[SourceTitle "EXT 2012"]
[Source "ChessBase"]
[SourceDate "2011.11.24"]
[SourceVersion "1"]
[SourceVersionDate "2011.11.24"]
[SourceQuality "1"]

1. d4 Nf6 2. Nc3 g6 3. e4 d6 4. Nf3 Bg7 5. Bc4 Nc6 6. d5 Nb8 7. 0-0 Nbd7 8. Bg5 0-0 9. Qd2 Ng4 10. h3 Nge5 11. Nxe5 Nxe5 12. Bb3 Re8 13. f4 Nd7 14. Ba4 a6 15. Qf2 b5 16. Bb3 b4 17. Ne2 Nc5 18. Nd4 Nxe4 19. Qe3 Bxd4 20. Qxd4 Nxg5 21. fxg5 a5 22. Ba4 Bd7 23. Bc6 Bxc6 24. dxc6 e5 25. Qd5 Re6 26. Qf3 Qe7 27. Rf2 Rf8 28. h4 e4 29. Qe3 d5 30. Rd1 Rd8 31. c4 dxc4 32. Rxd8+ Qxd8 33. Qc5 e3 34. Re2 Qd1+ 35. Kh2 Qxe2 36. Qxa5 Qg4 37. g3 e2 38. Qa8+ Kg7 0-1